000 00750nam a2200253 a 4500
001 60349
003 BD-RjUL
005 20211209080828.0
008 161230s1983 nyu b 001 0 eng d
020 _a0030621917
035 _a(BD-RjUL)60473
040 _aDLC
_cDLC
_dDLC
_dBD-RjUL
_beng
041 _aeng
082 0 0 _a658.1592
_223
_bRIF 1983
100 1 _aRichards, Judith W.
_9179602
245 1 0 _aFundamentals of development finance :
_ba practitioner's guide /
_cJudith W. Richards.
260 _aNew York :
_bPraeger,
_cc1983.
300 _axi, 210 p. ;
_c25 cm.
500 _aIncludes index.
504 _aBibliography: p. 201-205.
650 0 _aSmall business
_xFinance.
_9179603
650 0 _aUrban renewal.
_9179604
942 _2ddc
_cBK
999 _c60349
_d60349